000 00493nam a2200181Ia 4500
003 GCL
008 140319s9999 xx 000 0 ara d
040 _aGCL /
_cGCL
082 0 4 _a813.0873
_bج ف
100 1 _aجرجى زيدان
245 1 0 _aفتاة القيروان /
_cجرجى زيدان
260 _aبيروت :
_bدار الجيل
300 _a250 ص ؛
_c25سم
490 _a
650 0 4 _aالادب العربى
650 0 4 _aالقصص العربية
942 _2ddc
_cBK
999 _c55727
_d55727